The growing years of American literature. (Record no. 549308)
[ view plain ]
| 000 -LEADER | |
|---|---|
| fixed length control field | 00455cam a22001451 4500 |
| 082 ## - DEWEY DECIMAL CLASSIFICATION NUMBER | |
| Classification number | 810 |
| Author Mark | ADO |
| -- | L-29, P-94 |
| 100 0# - MAIN ENTRY--PERSONAL NAME | |
| Personal name | Adolorata,Mary. |
| 9 (RLIN) | 45904 |
| 245 14 - TITLE STATEMENT | |
| Title | The growing years of American literature. |
| Statement of responsibility, etc. | Adolorata,Mary. |
| 260 ## - PUBLICATION, DISTRIBUTION, ETC. | |
| Place of publication, distribution, etc. | New York, |
| Name of publisher, distributor, etc. | Catholic Education Division, Macmillan |
| Date of publication, distribution, etc. | [1961] |
| 300 ## - PHYSICAL DESCRIPTION | |
| Extent | 318 p. |
| Dimensions | 21 cm. |
| 526 ## - STUDY PROGRAM INFORMATION NOTE | |
| Program name | 0 |
| Interest level | 0 |
| Reading level | 0 |
| Title point value | 810_000000000000000_ADO |
| 650 #0 - SUBJECT ADDED ENTRY--TOPICAL TERM | |
| Topical term or geographic name entry element | American literature. |
| 9 (RLIN) | 45905 |
| 650 #0 - SUBJECT ADDED ENTRY--TOPICAL TERM | |
| Topical term or geographic name entry element | MCE |
| 9 (RLIN) | 379 |
| 942 ## - ADDED ENTRY ELEMENTS (KOHA) | |
| Source of classification or shelving scheme | |
| Koha item type | Book |
| Withdrawn status | Lost status | Source of classification or shelving scheme | Damaged status | Not for loan | Permanent Location | Current Location | Date acquired | Total Checkouts | Full call number | Barcode | Date last seen | Price effective from | Koha item type |
|---|---|---|---|---|---|---|---|---|---|---|---|---|---|
| Military College of Engineering (MCE) | Military College of Engineering (MCE) | 09/23/2014 | 810 ADO | MCE-2526 | 09/23/2014 | 09/23/2014 | Book |
